000 00414nam a2200181Ia 4500
001 7554
005 20260306160504.0
008 260306t1993||||xx |||||||||||||| ||spa||
041 _aESP
082 _a350.713045
_bI49
100 _aIndacochea Cáceda, Alejandro.
_eAUT
245 0 _aPrivatizar texto impreso
260 _c1993
300 _a
_c
650 _aGEN
654 _aCAN
942 _cLIB
_dJUS
_fJUS
_2ddc
_n
999 _c7554
_d7554